| 000 | 02449nam2a2200313 4500 | ||
|---|---|---|---|
| 001 | RU\NLR\BIBL_A\012217664 | ||
| 005 | 20260415135059.0 | ||
| 010 |
_a5-88451-029-2 _b(в пер.) _dб.ц. _9500 |
||
| 021 |
_aRU _b96-8536 |
||
| 035 | _a(NLR Aleph) 012217664 | ||
| 090 |
_a10915968 _c10915968 |
||
| 100 | _a20200212d1995 k y0rusy50 ca | ||
| 101 | 0 | _arus | |
| 102 | _aRU | ||
| 105 | _aah z|||||1|| | ||
| 200 | 0 |
_a1803-1807 _e[о посольстве Ю. А. Головкина в Цинскую империю] _f[редактор: академик В.С. Мясников] |
|
| 210 | _d1995 | ||
| 215 |
_a1019, [2] с. _cил., факс. |
||
| 320 | _aБиблиогр. в примечаниях в тексте | ||
| 320 | _aИменной и географический указатели: с. 959-992 | ||
| 327 | 1 | _aИз приложения: Ю. А. Головкин: биографический очерк | |
| 461 | 0 |
_1001RU\NLR\BIBL_A\012217657 _12001#$aРусско-китайские отношения в XIX веке$eдокументы и материалы$fРосcийская академия наук. Институт Дальнего Востока, Министерство иностранных дел РФ. Историко-документальное управление$g[составители М. Б. Давыдова и др.]$vТ. 1 _910915929 _cМосква _d1995 _fРосcийская академия наук. Институтт Дальнего Востока, Министерство иностранных дел РФ. Историко-документальное управление _nПамятники исторической мысли _oдокументы и материалы _tРусско-китайские отношения в XIX веке _y5-88451-032-2 _vТ. 1 |
|
| 464 | 0 |
_12001#$aЮ. А. Головкин$eбиографический очерк _15401#$aГоловкин Юрий Александрович _1702#1$aГоловкин$bЮ.А.$f1762-1846$gЮрий Александрович$3RU\NLR\AUTH\770178232 _tЮ. А. Головкин |
|
| 517 | 1 | _aО посольстве Ю. А. Головкина в Цинскую империю | |
| 702 | 1 |
_4340 _7ca _8rus _aМясников _bВ. С. _f1931- _gВладимир Степанович _91294 _3RU\NLR\AUTH\7718213 |
|
| 852 |
_aNLR _j96-7/604 |
||
| 942 | _cBOOK | ||
| 980 | _aNB | ||